000 00819nam a2200253 a 4500
001 BRCA_8222
005 20190320210201.0
008 190514s1952----fr-a###f##---#000-0#fre-#
041 _afre
044 _afr
050 4 _aN7680
_b.N38 1952
245 1 0 _aLa nature morte
_bde l´antiquité a nos jours
_cPréface de Amedeo Maiuri, introduction et catalogue par Charles Sterling.
260 _aFrancia
_bMusée Nationaux
_c1952
300 _aXLVII, 151 p.
_bil., 48 láminas
_c18 cm.
440 0 _aOrangeries des tuileries
_920498
500 _aT7
504 _aBibliografía p. XLIV-XLVII
650 1 4 _aNaturaleza muerta
_zFrancia
_920499
650 1 4 _aBodegón
_vHistoria
_zFrancia
_920500
700 1 _aMaiuri, Amedeo
_ePref.
_920501
700 1 _aSterling, Charles
_eintr.
_914736
902 _aGFM
942 _2lcc
_cB
999 _c7890
_d7890